Curiosidades sobre astronomía - Estadísticas

Estadísticas generales
  • Esta prueba ha sido intentada 102 veces
  • La puntuación promedio es 7 de 30
Estadísticas de respuestas
Pregunta Respuesta % Correcto
Planeta más caliente del Sistema Solar Venus
95%
Por su forma, la Vía Láctea es una galaxia... Espiral
57%
Construyó el primer telescopio astronómico Galileo Galilei
51%
Estrella más cercana a la tierra (excepto el Sol) Proxima Centauri
50%
Estrella más brillante del cielo (excepto el Sol) Sirio
45%
Primera sonda en abandonar el Sistema Solar Voyager 1
42%
Nombre del segundo satélite de Marte Deimos
36%
Distancia en unidades astronómicas desde la Tierra hasta el Sol 1
33%
Constelación llamada comúnmente como "El Cazador" Orión
33%
Nombre del primer satélite de Marte Fobos
32%
Planeta enano, objeto de mayor tamaño del Cinturón de Asteroides Ceres
29%
Límite desde el cual el interior de un agujero negro no es observable Horizonte de sucesos
25%
Cúmulo estelar conocido como "Las Siete Hermanas" Pléyades
21%
Satélite más grande de Neptuno Tritón
21%
Unidad de medida que equivale aproximadamente a 3,26 años luz Pársec
19%
Barquero de Hades que da nombre a un satélite del Sistema Solar Caronte
18%
Monumento megalítico en Reino Unido, utilizado como observatorio Stonehenge
18%
Vega, Deneb y Altair forman el... Triángulo de Verano
15%
Primera persona en formular la teoría heliocéntrica del Sistema Solar Aristarco de Samos
10%
Tercera galaxia por tamaño del Grupo Local: Andrómeda, Vía Láctea y... Galaxia del Triángulo
10%
Primera persona que calculó la circunferencia de la tierra Eratóstenes
8%
Lanzadera que realizó la última misión del programa Space Shuttle Atlantis
5%
Lunas de algunos planetas cuya gravedad da forma a los anillos Pastoras
5%
Primera sonda que incluyó una placa de oro con datos sobre la Tierra Pioneer 10
5%
Primera misión tripulada del programa espacial soviético Vostok 1
5%
Descubrió el planeta Urano William Herschel
5%
Lanzadera de pruebas que nunca realizó vuelos espaciales Enterprise
4%
Primer turista espacial Dennis Tito
2%
Último hombre que caminó sobre la luna (1972) Eugene Cernan
2%
Denominación para los viajeros espaciales de origen chino Taikonauta
2%
No se encontraron pruebas coincidentes
Distribución de puntuación
Porcentaje de gente con cada puntuación
Porcentaje por número respondido
Historial de tus puntuaciones
No has intentado esta prueba.